Состав минеральной части урюпского бурого угля; Химия твердого топлива; № 3

Bibliographic Details
Parent link:Химия твердого топлива
№ 3.— 1988.— С. 105-110
Main Author: Заворин А. С. Александр Сергеевич
Other Authors: Красильникова Л. Г.
Language:Russian
Published: 1988
Subjects:
Format: Book Chapter
KOHA link:https://koha.lib.tpu.ru/cgi-bin/koha/opac-detail.pl?biblionumber=467388

MARC

LEADER 00000naa2a2200000 4500
001 467388
005 20231101090747.0
035 |a (RuTPU)RU\TPU\prd\132042 
035 |a RU\TPU\tpu\12743 
090 |a 467388 
100 |a 20120209a1988 k y0rusy50 ca 
101 0 |a rus 
102 |a RU 
200 1 |a Состав минеральной части урюпского бурого угля  |f А. С. Заворин, Л. Г. Красильникова 
461 0 |0 (RuTPU)RU\TPU\prd\427  |t Химия твердого топлива 
463 1 |0 (RuTPU)RU\TPU\prd\132039  |t № 3  |v С. 105-110  |d 1988 
610 1 |a бурый уголь 
610 1 |a урюпинские месторождения 
610 1 |a минеральные части 
610 1 |a состав 
610 1 |a труды учёных ТПУ 
700 1 |a Заворин  |b А. С.  |c специалист в области теплотехники  |c профессор Томского политехнического университета, доктор технических наук  |f 1946-  |g Александр Сергеевич  |2 stltpush  |3 (RuTPU)RU\TPU\pers\25896 
701 1 |a Красильникова  |b Л. Г. 
801 1 |a RU  |b 63413507  |c 20060228  |g PSBO 
801 2 |a RU  |b 63413507  |c 20140611  |g PSBO 
942 |c BK